Szeretsz-e még? már nem harsog a beat… /

Elmentve itt :
Bibliográfiai részletek
Szerző: Hegedűs Réka
További közreműködők: Hajdu Árpád
Dokumentumtípus: Cikk
Megjelent: 2018-10-29
Sorozat:Szegedfolyoirat.sk-szeged.hu
Kulcsszavak:Rendezvénysorozat - Őszi Kulturális Fesztivál - 23., Könyvbemutató - "49/49", Volt egyetemi hallgató - Temesi Ferenc - író, Beszélgetőpartner - Bene Zoltán - író, Rektori Épület
Online Access:http://univ.bibl.u-szeged.hu/63547
LEADER 00954nab a2200181 i 4500
001 univ63547
005 20220913151422.0
008 220913s2018 hu o 0|| hun d
040 |a SZTE UnivHistória Repozitórium  |b hun 
041 |a hun 
100 1 |a Hegedűs Réka 
245 1 0 |a Szeretsz-e még?   |h [elektronikus dokumentum] :  |b már nem harsog a beat… /  |c  Hegedűs Réka 
260 |c 2018-10-29 
490 0 |a Szegedfolyoirat.sk-szeged.hu 
561 |a Egyetemi hirarchívum 
695 |a Rendezvénysorozat - Őszi Kulturális Fesztivál - 23., Könyvbemutató - "49/49", Volt egyetemi hallgató - Temesi Ferenc - író, Beszélgetőpartner - Bene Zoltán - író, Rektori Épület 
700 0 1 |a Hajdu Árpád 
856 4 0 |u http://univ.bibl.u-szeged.hu/63547/1/Heged%C5%B1s%20R%C3%A9ka_%20Szeretsz-e%20m%C3%A9g_%20M%C3%A1r%20nem%20harsog%20a%20beat...%20-%20Szeged%20v%C3%A1rost%C3%B6rt%C3%A9neti%20%C3%A9s%20kultur%C3%A1lis%20foly%C3%B3irat.pdf  |z Dokumentum-elérés